书目信息 |
| 题名: |
海外人文社会科学发展年度报告
|
|
| 作者: | 顾海良 主编 | |
| 分册: | 2006 | |
| 出版信息: | 武汉 武汉大学出版社 2007 |
|
| 页数: | 644页 | |
| 开本: | 24cm | |
| 丛书名: | ||
| 单 册: | ||
| 中图分类: | C11 | |
| 科图分类: | ||
| 主题词: | 社会科学--研究报告--世界--2006 , 社会科学 | |
| 电子资源: | ||
| ISBN: | 978-7-307-05414-1 | |
| 000 | 01036nam0 2200253 450 | |
| 001 | 1260680405 | |
| 005 | 20121002165224.40 | |
| 010 | @a978-7-307-05414-1@dCNY55.00 | |
| 100 | @a20070226d2007 em y0chiy50 ea | |
| 101 | 0 | @achi |
| 102 | @aCN@b420000 | |
| 105 | @ay z 000yy | |
| 200 | 1 | @a海外人文社会科学发展年度报告@Ahai wai ren wen she hui ke xue fa zhan nian du bao gao@h2006@dAnnual report of overseas humanities and social sciences@h2006@f顾海良主编@zeng |
| 210 | @a武汉@c武汉大学出版社@d2007 | |
| 215 | @a644页@d24cm | |
| 304 | @a武汉大学中国高校哲学社会科学发展与评价研究中心组编 | |
| 330 | @a本书以年度报告的形式对海外人文社会科学发展的最新动态和最新发展趋势作了初步介绍和简要评价,其中涉及人文社会科学的主要学科和一些交叉学科的内容。 | |
| 510 | 1 | @aAnnual report of overseas humanities and social sciences@h2006@zeng |
| 606 | 0 | @a社会科学@x研究报告@y世界@z2006 |
| 606 | 0 | @a社会科学 |
| 690 | @aC11@v4 | |
| 701 | 0 | @a顾海良@Agu hai liang@f(1951~)@4主编 |
| 801 | 0 | @aCN@bNLC@c20101222 |
| 905 | @a10447@dC11@eJY78 | |
| 海外人文社会科学发展年度报告.2006=Annual report of overseas humanities and social sciences.2006/顾海良主编.-武汉:武汉大学出版社,2007 |
| 644页;24cm |
| ISBN 978-7-307-05414-1:CNY55.00 |
| 本书以年度报告的形式对海外人文社会科学发展的最新动态和最新发展趋势作了初步介绍和简要评价,其中涉及人文社会科学的主要学科和一些交叉学科的内容。 |
| ● |
| 相关链接 |
|
|
|
|
正题名:海外人文社会科学发展年度报告
索取号:C11/JY78
 
预约/预借
| 序号 | 登录号 | 条形码 | 馆藏地/架位号 | 状态 | 备注 |
| 1 | 7810163 | 278101634 | 学院路分馆/ [索取号:C11/JY78] | 在馆 | |
| 2 | 7810164 | 278101643 | 学院路分馆/ [索取号:C11/JY78] | 在馆 |